• 首页
  • 本馆介绍
  • 公告通知
  • 最新文献
  • 馆藏检索
  • 电子资源
  • 读者导购
  • 参考咨询
  • 我的图书馆
  • 登录
  • 期刊详细显示
  • 现刊情况显示
  • 合订本情况显示
  • 篇目信息显示

期刊信息

  • 表格格式
  • 工作单格式
  • 卡片格式
索取号 
G21/USN
题名 
U.S.News&World Report
作者 
分册号 
分册名 
出版地 
出版者 
U.S.NEWS &WORLD REPORT INC.
标准刊号 
0041-5537
出版频率 
周刊
中图法分类 
G21
主题词 
新闻学; 新闻工作
电子资源 
000 00525nas0 2200205 45
001 0761703123
005 20070416154811.01
011    @a0041-5537@d$39.75(1992)PER YEAR
100    @a20070415d km y0chiy0120 ea
101 0  @aeng
200 1  @aU.S.News&World Report
207    @aU.S.News&World Report is published weekly.
210    @cU.S.NEWS &WORLD REPORT INC.
215    @a68页@d26cm
326    @a周刊
606 0  @a新闻学
606 0  @a新闻工作
690    @aG21@v4
801  0 @aCN@bPFT@c20070416
905    @aTJWY@dG21@eUSN
    
    U.S.News&World Report.-U.S.News&World Report is published weekly.-U.S.NEWS &WORLD REPORT INC.
    68页;26cm
    
    
    ISSN 0041-5537:$39.75(1992)PER YEAR
    
●
相关链接: 在易读查询期刊 在中国知网中查询期刊 在万方数据查询期刊 在维普查询期刊
唐山师范学院图书馆 欢迎您!
大连网信软件有限公司© 版权所有